[Event "2015  Server Team - Div 3, S53999"]
[Site "CCLA"]
[Date "2015.10.30"]
[Round "?"]
[White "Ritzmann, Andrew M."]
[Black "Acosta, Errol"]
[Result "0-1"]
[WhiteElo "1333"]
[BlackElo "1494"]
[Board "5"]
[WhiteTeam "Knights of the Square Table"]
[BlackTeam "Idaho Mountaineers"]

1. d4 e6 2. Nf3 f5 3. g3 Nf6 4. Bg2 Be7 5. O-O O-O 6. c4 a5 7. Nc3 Qe8 8. 
Qc2 d6 9. e4 e5 10. dxe5 Nxe4 11. Nxe4 fxe4 12. Qxe4 dxe5 13. Qxe5 Bd6 14.
 Qxe8 Rxe8 15. Bf4 Bxf4 16. gxf4 Nc6 17. Rae1 Bf5 18. Ne5 Nxe5 19. fxe5 
Bd3 20. Bxb7 Rab8 21. Bd5+ Kf8 22. Bc6 Re7 23. c5 Rxb2 24. a4 Re6 25. Bg2 
Rg6 26. e6 Ke7 27. c6 Bc4 28. Re4 Bxf1 29. Kxf1 Rb1+ 30. Re1 Rxe1+ 31. 
Kxe1 Rxg2 32. h4 Kxe6 33. Kf1 Rxf2+ 34. Kxf2 Kd6 0-1

[Event "Summer Series, S50291"]
[Site "CCLA"]
[Date "2015.07.25"]
[Round "?"]
[White "Jarmuz, Frederick"]
[Black "Smail, John"]
[Result "1-0"]
[WhiteElo "1945"]
[BlackElo "1720"]

1. d4 e6 2. c4 f5 3. g3 Nf6 4. Bg2 Be7 5. Nf3 d6 6. Nc3 O-O 7. O-O a5 8. 
Be3 Qe8 9. Rc1 Nh5 10. Bd2 c6 11. e4 Qg6 12. e5 d5 13. Ne1 Qf7 14. Na4 Nd7
15. Bf3 g6 16. c5 Ng7 17. Qb3 g5 18. Nd3 h5 19. h3 f4 20. g4 hxg4 21. hxg4
Ne8 22. Kg2 Kg7 23. Nc3 Nc7 24. a4 Rg8 25. Rh1 Nf8 26. Rh5 Ng6 27. Rch1 
Nh4+ 28. R1xh4 gxh4 29. Ne2 Kf8 30. Nexf4 Ne8 31. Qd1 Bd8 32. Kh3 b5 33. 
axb5 cxb5 34. Kh2 b4 35. Ng2 Ba6 36. Ndf4 Nc7 37. Nxd5 Nxd5 38. Bxd5 Qxf2 
39. Bxe6 1-0

[Event "2015 NA Class D Ch - Rd 1 Sect 2, S50121"]
[Site "CCLA"]
[Date "2015.04.27"]
[Round "?"]
[White "Lyons, Brenda M."]
[Black "Latta, David A."]
[Result "1-0"]
[WhiteElo "1221"]
[BlackElo "1276"]

1. d4 b6 2. e4 Bb7 3. Nc3 Nf6 4. Bd3 Nc6 5. d5 Nd4 6. Nge2 Nxe2 7. Qxe2 g6
8. O-O Bg7 9. Bg5 O-O 10. h3 Nh5 11. Qd2 f6 12. Be3 c6 13. g4 Bh6 14. Bxh6
Rf7 15. gxh5 gxh5 16. Kh1 Kh8 17. f3 cxd5 18. exd5 Qc7 19. Qh2 Qc5 20. Be4
e5 21. Rg1 f5 22. Bd3 Rf6 23. Bd2 Rg6 24. Rxg6 hxg6 25. Qxe5+ Kh7 26. Bg5 
Qf8 27. Re1 d6 28. Qe7+ Qxe7 29. Rxe7+ Kg8 30. Rxb7 Re8 31. Bd2 Re5 32. f4
Re8 33. Rxa7 h4 34. Rb7 Ra8 35. Rxb6 Rxa2 36. Rxd6 Rxb2 37. Rxg6+ Kh7 38. 
Rg5 Kh6 39. Rxf5 Kg6 40. Re5+ Kf6 41. d6 Rb6 42. Rd5 Ke6 43. d7 Rb8 44. 
d8=Q Rxd8 45. Rxd8 1-0

[Event "2015 Regular Quad, S50019"]
[Site "CCLA"]
[Date "2015.01.16"]
[Round "?"]
[White "Haase, F. Philip"]
[Black "Rasmussen, Bruce A."]
[Result "1-0"]
[WhiteElo "1813"]
[BlackElo "1373"]

1. e4 Nc6 2. Nf3 Nf6 3. e5 Nd5 4. d4 e6 5. c4 Bb4+ 6. Bd2 Bxd2+ 7. Nbxd2 
Nf4 8. g3 Nh5 9. d5 exd5 10. cxd5 Nb4 11. Ne4 O-O 12. a3 Qe7 13. d6 cxd6 
14. axb4 dxe5 15. Qd6 Qe6 16. Nfg5 Qb3 17. Qd2 d5 18. Nc5 b6 19. Nxb3 Bb7 
20. Qc2 Nf6 21. Qc7 Bc8 22. Rxa7 Ba6 23. Rxa8 1-0

[Event "Summer Series, S50301"]
[Site "CCLA"]
[Date "2015.07.25"]
[Round "?"]
[White "Anderson, Clarence"]
[Black "Evans, Stanley W."]
[Result "0-1"]
[WhiteElo "1717"]
[BlackElo "1834"]

1. e4 Nc6 2. Nf3 d6 3. d4 g6 4. d5 Ne5 5. Nxe5 dxe5 6. Bb5+ Bd7 7. Qe2 Bh6
8. Nd2 c6 9. dxc6 bxc6 10. Bc4 Nf6 11. Nf3 Qa5+ 12. c3 Bxc1 13. Rxc1 Bg4 
14. b4 Qc7 15. O-O O-O 16. h3 Bxf3 17. Qxf3 Kg7 18. Rfd1 Rfd8 19. Qe2 Rd6 
20. f3 Rad8 21. a4 Nh5 22. Rxd6 exd6 23. Rd1 Nf4 24. Qd2 d5 25. exd5 cxd5 
26. Bf1 d4 27. c4 f5 28. b5 e4 29. fxe4 fxe4 30. Qb2 Qc5 31. Qf2 Qe5 32. 
Re1 e3 33. Qf3 Re8 34. g3 Nh5 35. Bg2 d3 0-1

[Event "2015 Server Team Ch - Div 2"]
[Site "CCLA"]
[Date "2015.10.30"]
[Round "?"]
[White "Young III, William C."]
[Black "Belanoff, Stuart"]
[Result "1/2-1/2"]
[WhiteElo "2013"]
[BlackElo "2201"]
[Board "1"]
[WhiteTeam "Chairmen of the Board"]
[BlackTeam "Queen & Knights"]

1. e4 Nc6 2. Nf3 d6 3. d4 Nf6 4. Nc3 g6 5. d5 Nb8 6. h3 Bg7 7. Bc4 c6 8. 
a4 O-O 9. O-O cxd5 10. exd5 e5 11. Bg5 Bf5 12. g4 Bc8 13. Re1 h6 14. Be3 
Nh7 15. Kh2 Qe7 16. Nd2 f5 17. gxf5 Bxf5 18. Nde4 Nd7 19. Rg1 Ndf6 20. Bd3
Nh5 21. Bxh6 Qh4 22. Rg4 Bxg4 23. Qxg4 Qxg4 24. hxg4 Bxh6 25. gxh5 gxh5 
26. Rg1+ Kh8 27. Rg6 Bf4+ 28. Kh3 Rg8 1/2-1/2

[Event "2015 REGULAR QUAD, S50369"]
[Site "CCLA"]
[Date "2015.08.11"]
[Round "?"]
[White "Smiley, William R."]
[Black "Evans, Stanley W."]
[Result "0-1"]
[WhiteElo "1613"]
[BlackElo "1834"]

1. e4 Nc6 2. d4 e5 3. d5 Nce7 4. Nf3 Ng6 5. g3 Nf6 6. Bd3 Bc5 7. Nbd2 d6 
8. Nb3 Bb6 9. Be3 Bxe3 10. fxe3 a5 11. Nbd2 c6 12. c4 cxd5 13. cxd5 O-O 
14. h3 Bd7 15. b3 b5 16. Kf2 Qb6 17. Qe2 Rfc8 18. Rag1 a4 19. b4 Ra7 20. 
Rc1 Bxh3 0-1

[Event "2015 REGULAR QUAD, S50369"]
[Site "CCLA"]
[Date "2015.08.11"]
[Round "?"]
[White "Haase, F. Philip"]
[Black "Evans, Stanley W."]
[Result "1-0"]
[WhiteElo "1813"]
[BlackElo "1834"]

1. e4 Nc6 2. d4 e5 3. d5 Nce7 4. Nc3 Ng6 5. Be3 Bb4 6. Ne2 Nf6 7. a3 Be7 
8. f3 d6 9. Qd2 c6 10. O-O-O O-O 11. Kb1 h5 12. h4 cxd5 13. Nxd5 Nxd5 14. 
Qxd5 Be6 15. Qd2 Qc7 16. Nc3 Rfd8 17. g3 Qa5 18. Be2 Rac8 19. f4 exf4 20. 
gxf4 d5 21. Nxd5 Qxd2 22. Nxe7+ Nxe7 23. Rxd2 Bg4 24. Bd3 a6 25. b3 Rd7 
26. Kb2 Nc6 27. Rhh2 Nd4 28. Bc4 Rcd8 29. Bxd4 Rxd4 30. Bd5 Rxd2 31. Rxd2 
Kf8 32. c4 b6 33. b4 Ke7 34. Kc3 f6 35. Kd4 Kd7 36. Rd3 Kc7 37. c5 b5 38. 
Ke3 Rd7 39. Bb3 Re7 40. Rd6 Bc8 41. Kd4 Re8 42. e5 fxe5+ 43. fxe5 Rd8 44. 
Bd5 1-0

[Event "Premier Quad, S50289"]
[Site "CCLA"]
[Date "2015.07.20"]
[Round "?"]
[White "Stevens, Daniel L."]
[Black "Evans, Stanley W."]
[Result "1-0"]
[WhiteElo "1779"]
[BlackElo "1834"]

1. e4 Nc6 2. d4 e5 3. d5 Nce7 4. c4 Ng6 5. Nf3 Nf6 6. Nc3 Bc5 7. h3 a6 8. 
Bd3 O-O 9. Ne2 d6 10. O-O Bd7 11. Bd2 a5 12. a3 Nh5 13. b4 Bb6 14. bxa5 
Bxa5 15. Bxa5 Rxa5 16. Ng3 Nxg3 17. fxg3 Qa8 18. h4 Rxa3 19. Rc1 Qa7+ 20. 
Kh2 Qe3 21. Ne1 Rfa8 22. Rf3 Qc5 23. Rf1 Nf8 24. Qh5 f6 25. Qf3 b5 26. g4 
h6 27. g5 hxg5 28. hxg5 Nh7 29. g6 Ng5 30. Qh5 Rf8 31. Nf3 Re8 32. Nxg5 
Kf8 33. Qh8+ Ke7 34. Qxg7+ Kd8 35. Ne6+ Bxe6 36. dxe6 Rxe6 37. cxb5 Rc3 
38. Rxc3 Qxc3 39. Rxf6 Rxf6 40. Qxf6+ Kd7 41. g7 Qb3 42. Qf8 1-0

[Event "2015 NA Class D Ch Finals, S50469"]
[Site "CCLA"]
[Date "2016.02.18"]
[Round "?"]
[White "Cain, Larry F."]
[Black "Gunning, Edward E."]
[Result "0-1"]
[WhiteElo "1321"]
[BlackElo "1403"]

1. e4 e5 2. d4 Nc6 3. dxe5 g6 4. c3 Bg7 5. Nf3 Nxe5 6. Bf4 d6 7. Nxe5 g5 
8. Nxf7 Kxf7 9. Bg3 Nf6 10. Nd2 Re8 11. Be2 g4 12. Qc2 Kg8 13. O-O-O Qe7 
14. f3 gxf3 15. gxf3 Be6 16. Kb1 d5 17. exd5 Bxd5 18. Rde1 Qd7 19. Rhg1 
Qf7 20. Nb3 Re7 21. Bh4 Rae8 22. Nd4 Bxa2+ 23. Kc1 Be6 24. Bd3 Kh8 25. 
Bxh7 Nxh7 26. Bxe7 Rxe7 27. Qg2 Bh6+ 28. Kb1 Ng5 0-1

[Event "2015 REGULAR QUAD, S50199"]
[Site "CCLA"]
[Date "2015.05.01"]
[Round "?"]
[White "Acosta, Errol"]
[Black "Cangelosi, Dominic"]
[Result "1-0"]
[WhiteElo "1494"]
[BlackElo "1419"]

1. e4 d5 2. e5 e6 3. f4 f5 4. Nf3 c5 5. c3 Nc6 6. Bb5 Bd7 7. O-O Qb6 8. 
Ba4 a6 9. Bc2 Nh6 10. d3 Ng4 11. b3 O-O-O 12. Qe1 Be7 13. Ng5 Rdf8 14. h3 
Nh6 15. Be3 d4 16. cxd4 cxd4 17. Bd2 Nb4 18. Na3 Nxc2 19. Nxc2 Nf7 20. Rc1
Kb8 21. Kh2 Nxg5 22. fxg5 g6 23. Ba5 Qa7 24. Rf4 Bxg5 25. g3 Bxf4 26. gxf4
h6 27. Qb4 Rc8 28. Bb6 Qa8 29. Qd6+ 1-0

[Event "2015 Server Team Champ - Div 4, S54999"]
[Site "CCLA"]
[Date "2015.10.28"]
[Round "?"]
[White "Martindale, Roger"]
[Black "Nurmi, Ronald"]
[Result "0-1"]
[WhiteElo "1174"]
[BlackElo "1369"]
[Board "4"]
[WhiteTeam "Pennsylvania Duck Patrol"]
[BlackTeam "Pawntastics"]

1. e4 d5 2. d3 dxe4 3. d4 Nf6 4. h3 Nc6 5. Nc3 Qxd4 6. Qxd4 Nxd4 7. Nge2 
Nxc2+ 8. Kd1 Nxa1 9. g4 e6 10. Bg2 Bc5 11. Be3 Bxe3 12. fxe3 Nd5 13. Kd2 
Nxc3 14. Nxc3 f5 15. Rxa1 O-O 16. g5 b6 17. Nb5 Rd8+ 18. Ke2 c6 19. Nc7 
Rb8 20. b4 a5 21. b5 Rb7 22. Na6 cxb5 23. Rd1 Rxd1 24. Kxd1 Rd7+ 25. Ke2 
Bxa6 26. Ke1 b4 27. h4 Bc4 28. h5 Bxa2 0-1

[Event "2015 NA Class D Ch Finals, S50469"]
[Site "CCLA"]
[Date "2016.02.18"]
[Round "?"]
[White "Gunning, Edward E."]
[Black "Cain, Larry F."]
[Result "1-0"]
[WhiteElo "1403"]
[BlackElo "1321"]

1. e4 d5 2. d3 dxe4 3. Nc3 exd3 4. Bxd3 e6 5. Nf3 Bd6 6. Bg5 Nf6 7. Qe2 h6
8. Bh4 g5 9. Bg3 Bxg3 10. hxg3 b6 11. O-O-O Nbd7 12. Bb5 Bb7 13. Ne5 Qe7 
14. Nxd7 Nxd7 15. Bxd7+ Kf8 16. Qe5 Rh7 17. Qxc7 Bxg2 18. Rhe1 Bf3 19. Nd5
Bxd5 20. Rxd5 Qf6 21. Bc6 Qxf2 22. Red1 Qe3+ 23. R5d2 1-0

[Event "2015 NA Class C Ch - Rd 1 Sect 2, S50101"]
[Site "CCLA"]
[Date "2015.04.27"]
[Round "?"]
[White "Godinez, Doug"]
[Black "Cangelosi, Dominic"]
[Result "1-0"]
[WhiteElo "1392"]
[BlackElo "1441"]

1. e4 d5 2. exd5 Qxd5 3. Nf3 Nf6 4. d4 e6 5. c4 Qd8 6. Nc3 Bd6 7. Bd3 O-O 
8. Bg5 Nbd7 9. c5 Be7 10. Qd2 Nd5 11. O-O Bxg5 12. Nxg5 N7f6 13. Rad1 Nxc3
14. Qxc3 Qd5 15. h4 h6 16. Nf3 Ne4 17. Bxe4 Qxe4 18. Rfe1 Qh7 19. b4 Bd7 
20. Ne5 Rad8 21. Qg3 f6 22. Nxd7 Rxd7 23. Rxe6 h5 24. Qb3 Rdf7 25. Rde1 
Kh8 26. Re8 Qg8 27. Qe6 Rxe8 28. Qxe8 Qf8 29. Qxf8+ Rxf8 30. Re7 Rc8 31. 
Kf1 Kg8 32. d5 Kf8 33. Rd7 g5 34. hxg5 fxg5 35. Rh7 Rd8 36. Rh8+ Ke7 37. 
Rxd8 Kxd8 38. Ke2 Kd7 39. Ke3 b6 40. Ke4 a5 41. cxb6 cxb6 42. Kf5 axb4 43.
 Kxg5 Kd6 44. f4 b5 45. f5 1-0

[Event "Summer Series, S50331"]
[Site "CCLA"]
[Date "2015.07.25"]
[Round "?"]
[White "Simonson, Jay"]
[Black "McLaughlin, Ed"]
[Result "0-1"]
[WhiteElo "1404"]
[BlackElo "1507"]

1. e4 d5 2. exd5 Qxd5 3. Nf3 Bg4 4. Be2 e5 5. Nc3 Qe6 6. Nb5 Na6 7. O-O c6
8. Ng5 Bxe2 9. Nxe6 Bxd1 10. Nbc7+ Nxc7 11. Nxc7+ Kd8 12. Nxa8 Bxc2 13. b3
Kc8 14. Bb2 f6 15. Rac1 Bd3 16. Rfe1 Bb4 17. Bc3 Ba3 18. Ra1 Ne7 19. Re3 
e4 20. b4 Kd7 21. f3 Nd5 22. Ree1 Nxc3 23. dxc3 f5 24. fxe4 fxe4 25. Rad1 
Kc8 26. Rd2 Kb8 27. Nb6 axb6 28. Rf2 Re8 29. Rf5 Bb2 30. c4 Bd4+ 31. Kh1 
Bc3 32. Re3 Bxb4 33. Rg3 e3 34. Rff3 Bc5 35. h3 e2 36. Rxd3 e1=Q+ 37. Kh2 
Qg1# 0-1

[Event "Summer Series, S50311"]
[Site "CCLA"]
[Date "2015.07.25"]
[Round "?"]
[White "Catania, Duane"]
[Black "Disque, Philip"]
[Result "1-0"]
[WhiteElo "1642"]
[BlackElo "1614"]

1. e4 d5 2. exd5 Qxd5 3. Nc3 Qd6 4. Nf3 Nf6 5. d4 c6 6. Bc4 Be6 7. Bd3 Bg4
8. Be3 Nbd7 9. h3 Bh5 10. O-O e6 11. Ne2 Bxf3 12. gxf3 O-O-O 13. c4 g5 14.
 Qa4 Qb8 15. b4 Bd6 16. c5 Bc7 17. b5 Bf4 18. bxc6 Nxc5 19. cxb7+ Qxb7 20.
 Rfc1 Rd6 21. Rxc5+ Kd8 22. Rac1 Rb6 23. Nxf4 gxf4 24. Bxf4 Rg8+ 25. Bg3 
Rxg3+ 26. fxg3 Qxf3 27. Rc8+ Ke7 28. R1c7+ 1-0

[Event "Summer Series, S50331"]
[Site "CCLA"]
[Date "2015.07.25"]
[Round "?"]
[White "Anderson, Lawrence D."]
[Black "Nurmi, Ronald"]
[Result "0-1"]
[WhiteElo "1435"]
[BlackElo "1469"]

1. e4 d5 2. exd5 Qxd5 3. Nc3 Qd6 4. d4 Nf6 5. Nf3 c6 6. Ne5 Nbd7 7. Bf4 
Nd5 8. Nxd5 Qxd5 9. Nf3 Nb6 10. Be2 Bf5 11. c3 e6 12. O-O Qe4 13. Bg3 Qc2 
14. Nh4 Qxd1 15. Raxd1 Be4 16. Bf3 Bxf3 0-1

[Event "2015  Server Team - Div 3, S53999"]
[Site "CCLA"]
[Date "2015.10.30"]
[Round "?"]
[White "Weiss, Lester P."]
[Black "Kircher, Caleb"]
[Result "1-0"]
[WhiteElo "2103"]
[BlackElo "1926"]
[Board "1"]
[WhiteTeam "Canadian Snowbirds"]
[BlackTeam "Idaho Mountaineers"]

1. e4 d5 2. exd5 Qxd5 3. Nc3 Qd6 4. d4 Nf6 5. Nf3 c6 6. Ne5 Nbd7 7. Nc4 
Qc7 8. Qf3 Nb6 9. Bf4 Qd7 10. h3 Nxc4 11. Bxc4 Qxd4 12. Bb3 e6 13. Rd1 Qb6
14. O-O Be7 15. Ne4 Nxe4 16. Qxe4 O-O 17. Be5 c5 18. Rfe1 Rd8 19. Qg4 Bf8 
20. Qg3 Rxd1 21. Rxd1 g6 22. Qg5 1-0

[Event "2015 REGULAR QUAD, S50379"]
[Site "CCLA"]
[Date "2015.08.20"]
[Round "?"]
[White "Smiley, William R."]
[Black "Parenteau, Mike"]
[Result "1/2-1/2"]
[WhiteElo "1613"]
[BlackElo "1632"]

1. e4 d5 2. exd5 Qxd5 3. Nc3 Qd6 4. Nf3 Nf6 5. d4 c6 6. Ne5 Nbd7 7. Bf4 
Nd5 8. Nxd5 Qxd5 9. f3 Nxe5 10. Bxe5 Bf5 11. c3 e6 12. Bd3 Bxd3 13. Qxd3 
f6 14. Bg3 Be7 15. O-O O-O 16. Rfe1 Rfe8 17. Qe4 Bd8 18. Qxd5 cxd5 19. Re2
Rc8 20. Rae1 1/2-1/2

[Event "Premier Quad, S50079"]
[Site "CCLA"]
[Date "2015.03.04"]
[Round "?"]
[White "Clancey, James"]
[Black "Beavan, Robert"]
[Result "1-0"]
[WhiteElo "2019"]
[BlackElo "1969"]

1. e4 d5 2. exd5 Qxd5 3. Nc3 Qd6 4. g3 Nf6 5. Bg2 c6 6. Nf3 Bg4 7. d4 e6 
8. O-O Nbd7 9. Bf4 Qb4 10. Qd2 Be7 11. Rfe1 O-O 12. a3 Qb6 13. h3 Bxf3 14.
 Bxf3 Rfd8 15. Qd3 a6 16. Rab1 Ne8 17. b4 e5 18. Na4 Qa7 19. Be3 b5 20. 
Bxc6 bxa4 21. dxe5 Nb6 22. Qe4 Rac8 23. b5 Rb8 24. e6 1-0

[Event "Premier Quad, S50079"]
[Site "CCLA"]
[Date "2015.03.04"]
[Round "?"]
[White "Maier, Bill"]
[Black "Beavan, Robert"]
[Result "1/2-1/2"]
[WhiteElo "1972"]
[BlackElo "1969"]

1. e4 d5 2. exd5 Qxd5 3. Nc3 Qd6 4. d4 Nf6 5. Nf3 a6 6. g3 Bg4 7. Bg2 c6 
8. O-O e6 9. Bf4 Qd8 10. h3 Bxf3 11. Qxf3 Qxd4 12. Rfd1 Qb6 13. g4 Nbd7 
14. g5 Nd5 15. Nxd5 cxd5 16. c4 Bd6 17. Bxd6 Qxd6 18. cxd5 e5 19. Rac1 Rd8
20. Qb3 Rb8 21. a4 h6 22. gxh6 Rxh6 23. Qc3 Kf8 24. Qc7 Qxc7 1/2-1/2

[Event "2015 Server Team Champ - Div 4, S54999"]
[Site "CCLA"]
[Date "2015.10.28"]
[Round "?"]
[White "Smiley, William R."]
[Black "Nurmi, Ronald"]
[Result "1/2-1/2"]
[WhiteElo "1613"]
[BlackElo "1469"]
[Board "4"]
[WhiteTeam "Norsemen"]
[BlackTeam "Pawntastics"]

1. e4 d5 2. exd5 Qxd5 3. Nc3 Qd6 4. d4 Nf6 5. Nf3 c6 6. Ne5 Nbd7 7. f4 Nb6
8. Be2 Nbd5 9. Nxd5 Qxd5 10. O-O Bf5 11. Bc4 Qa5 12. Nxf7 Rg8 13. Ne5 Rh8 
14. Bf7+ Kd8 15. Bb3 Ke8 16. Nf7 Rg8 17. Nd6+ exd6 18. Bxg8 Nxg8 19. Qh5+ 
Ke7 20. c3 Qd5 21. g4 Be6 22. Qxd5 Bxd5 23. Re1+ Kd7 24. b3 Re8 25. Bd2 g6
26. Rxe8 Kxe8 27. Re1+ Kd7 28. c4 Be6 29. h3 d5 30. c5 Nf6 31. b4 Ne4 32. 
Be3 Bg7 1/2-1/2

[Event "2015 NA Class D Ch Finals, S50469"]
[Site "CCLA"]
[Date "2016.02.18"]
[Round "?"]
[White "Acebo, Brian"]
[Black "Cain, Larry F."]
[Result "1-0"]
[WhiteElo "1360"]
[BlackElo "1321"]

1. e4 d5 2. exd5 Qxd5 3. Nc3 Qa5 4. Nf3 c6 5. Be2 e6 6. a3 Bd6 7. O-O Nf6 
8. d3 O-O 9. Bd2 Qc7 10. g3 b6 11. Re1 Bb7 12. Nd4 a6 13. Bf3 Nbd7 14. Bg2
Rab8 15. Nf3 h6 16. Ne4 Nxe4 17. Rxe4 c5 18. Re2 Qc6 19. c4 Ne5 20. Ne1 
Qc7 21. Bf1 Nf3+ 22. Kh1 Nd4+ 23. Bg2 Nxe2 24. Qxe2 Bxg2+ 25. Nxg2 Qb7 26.
 Qg4 Kh7 27. Kg1 Be7 28. Bc3 Rg8 29. Nf4 Bg5 30. Be5 Rbd8 31. Rd1 Qa8 32. 
Nh3 Be7 33. d4 Qb7 34. b4 cxd4 35. Bxd4 Bf6 36. Bxf6 gxf6 37. Qe2 Rd7 38. 
Rc1 Qb8 39. Qc2+ Kg7 40. Nf4 Kh8 41. Nh5 Qd8 42. Kg2 Rg5 43. Nf4 Rd2 44. 
Qc3 e5 45. Nh3 Rd3 46. Qb2 Qa8+ 47. Kf1 Rh5 48. Ng1 Rxh2 49. Qe2 Qh1 50. 
Qxd3 Qg2+ 51. Ke1 1-0

[Event "2015 REGULAR QUAD, S50239"]
[Site "CCLA"]
[Date "2015.05.29"]
[Round "?"]
[White "Gunning, Edward E."]
[Black "Strelecky, Rich"]
[Result "0-1"]
[WhiteElo "1439"]
[BlackElo "1670"]

1. e4 d5 2. exd5 Qxd5 3. Nc3 Qa5 4. d4 Nf6 5. Bd2 Bg4 6. Be2 Qf5 7. h3 
Bxe2 8. Ngxe2 e6 9. Bf4 Na6 10. Qd2 Bb4 11. f3 Nd5 12. g3 Nxf4 13. Nxf4 
O-O-O 14. O-O-O e5 15. Nfe2 Qxf3 16. Qg5 Bxc3 17. Nxc3 exd4 18. Rhf1 Qe3+ 
19. Qxe3 dxe3 20. Rxf7 Rxd1+ 21. Kxd1 g5 22. Rg7 Nb4 23. Re7 Rd8+ 24. Kc1 
Rd2 25. Rxe3 Rxc2+ 26. Kb1 Rh2 27. a3 Rh1+ 0-1

[Event "Summer Series, S50341"]
[Site "CCLA"]
[Date "2015.07.25"]
[Round "?"]
[White "Bearce, Harold L."]
[Black "Cain, Larry F."]
[Result "1/2-1/2"]
[WhiteElo "1111"]
[BlackElo "1353"]

1. e4 d5 2. exd5 Qxd5 3. Nc3 Qa5 4. d4 Nf6 5. Nf3 Bg4 6. h3 Bxf3 7. Qxf3 
c6 8. Be3 e6 9. Bd3 Bb4 10. Bd2 O-O 11. O-O Nbd7 12. Qe2 Rfe8 13. a3 Bxc3 
14. Bxc3 Qc7 15. Kh1 a6 16. b4 b5 17. Bb2 Rad8 18. Qf3 Qd6 19. c3 Qd5 20. 
Qxd5 Nxd5 21. Be4 N7f6 22. Bf3 Kh8 23. Rad1 1/2-1/2

[Event "2015 Server Team Ch - Div 1, S51999"]
[Site "CCLA"]
[Date "2015.10.30"]
[Round "?"]
[White "Cross, Gregory W."]
[Black "Elburg, John"]
[Result "1/2-1/2"]
[WhiteElo "1973"]
[BlackElo "2300"]
[Board "4"]
[WhiteTeam "Pennsylvania Keystones"]
[BlackTeam "SchemingMind A"]

1. e4 d5 2. exd5 Qxd5 3. Nc3 Qa5 4. d4 Nf6 5. Nf3 Bf5 6. Bc4 c6 7. Bd2 e6 
8. Qe2 Bb4 9. Ne5 Nbd7 10. Nxd7 Nxd7 11. a3 Bxc3 12. Bxc3 Qc7 13. d5 cxd5 
14. Bxd5 O-O 15. Bf3 Nb6 16. g4 Bg6 17. h4 Nd5 18. Bxd5 exd5 19. O-O-O 
Rfe8 20. Qd2 Qc4 21. Qd4 f6 22. b3 Qxd4 23. Bxd4 h5 24. f3 Re2 25. Rd2 
Rxd2 26. Kxd2 a6 27. c3 Kf7 28. Rg1 b5 29. Bb6 a5 30. g5 Ra6 31. Bc5 
1/2-1/2

[Event "2015 NA Class C Ch - Rd 1 Sect 2, S50101"]
[Site "CCLA"]
[Date "2015.04.27"]
[Round "?"]
[White "Perry, William E."]
[Black "Cangelosi, Dominic"]
[Result "1-0"]
[WhiteElo "1442"]
[BlackElo "1441"]

1. e4 d5 2. exd5 Qxd5 3. Nf3 Bg4 4. Be2 Nf6 5. d4 e6 6. O-O Nc6 7. c4 Qd8 
8. Nc3 Qd7 9. Be3 Be7 10. a3 O-O-O 11. b4 Bxf3 12. Bxf3 Nxd4 13. Bxd4 Qxd4
14. Nd5 Qxc4 15. Nxe7+ Kb8 16. Qa4 Rd6 17. Rac1 Ra6 18. Qd1 Qb5 19. Be2 
Qg5 20. Bxa6 Ng4 21. Qd7 Qh4 22. Qxc7+ 1-0

[Event "Summer Series, S50331"]
[Site "CCLA"]
[Date "2015.07.25"]
[Round "?"]
[White "Simonson, Jay"]
[Black "Nurmi, Ronald"]
[Result "0-1"]
[WhiteElo "1404"]
[BlackElo "1469"]

1. e4 d5 2. exd5 Qxd5 3. Nf3 Nf6 4. d4 Bg4 5. Be2 Nc6 6. h3 Bxf3 7. Nc3 
Bxe2 8. Nxd5 Bxd1 9. Nxc7+ Kd7 10. Nxa8 Bxc2 0-1

[Event "2015 Server Team Ch - Div 2"]
[Site "CCLA"]
[Date "2015.10.30"]
[Round "?"]
[White "Evans, Stanley W."]
[Black "Graupera, Carlos"]
[Result "1-0"]
[WhiteElo "1717"]
[BlackElo "1477"]
[Board "6"]
[WhiteTeam "Queen & Knights"]
[BlackTeam "Big Red Fuzzy"]

1. e4 d5 2. exd5 Qxd5 3. Nf3 Nf6 4. d4 Bg4 5. Be2 Nbd7 6. c4 Qd6 7. Nc3 c6
8. O-O e6 9. h3 Bh5 10. Re1 Be7 11. g3 O-O 12. Bf4 Qb4 13. a3 Qb6 14. b4 
a5 15. c5 Qd8 16. b5 Nd5 17. Nxd5 cxd5 18. Rc1 Rc8 19. g4 Bg6 20. c6 bxc6 
21. bxc6 Nb6 22. c7 Qd7 23. Ne5 Qe8 24. Qb3 Nd7 25. Bb5 1-0

[Event "2015 NA Class B Ch Finals, S50189"]
[Site "CCLA"]
[Date "2015.04.27"]
[Round "?"]
[White "Hansen, Michael"]
[Black "Capuzzi, Gabriele"]
[Result "1-0"]
[WhiteElo "1754"]
[BlackElo "1617"]

1. e4 d5 2. exd5 Nf6 3. Nf3 Nxd5 4. d4 g6 5. c4 Nf6 6. Nc3 Bg7 7. Be2 O-O 
8. O-O c6 9. Bf4 Bf5 10. h3 Na6 11. Re1 Nc7 12. Bf1 h6 13. Qb3 g5 14. g4 
Bg6 15. Bg3 b6 16. Ne5 Ne6 17. Nxc6 Qd7 18. Ne5 Qxd4 19. Nxg6 Nc5 20. 
Nxe7+ 1-0

[Event "Premier Quad, S50269"]
[Site "CCLA"]
[Date "2015.06.15"]
[Round "?"]
[White "Wright, John"]
[Black "Strelecky, Rich"]
[Result "0-1"]
[WhiteElo "1600"]
[BlackElo "1667"]

1. e4 d5 2. exd5 Nf6 3. d4 Nxd5 4. Nf3 g6 5. Be2 Bg7 6. O-O O-O 7. Re1 Bf5
8. c3 Nc6 9. Na3 a6 10. Nc4 Re8 11. a4 Qd7 12. a5 b5 13. axb6 cxb6 14. Qb3
b5 15. Nce5 Nxe5 16. Nxe5 Qd6 17. Bf3 e6 18. Qd1 f6 19. Nd3 Bxd3 20. Qxd3 
Ra7 21. g3 f5 22. b3 Rc7 23. Ba3 b4 24. Bxb4 Nxb4 25. cxb4 Qxb4 26. Bd5 
Rce7 27. Bc4 Kh8 28. Red1 a5 29. Ra4 Qb6 30. Qd2 Ra7 31. d5 exd5 32. Qxd5 
Raa8 33. b4 Rad8 34. Qf3 Rxd1+ 35. Qxd1 axb4 36. Qb3 Bc3 37. Ra2 Rd8 38. 
Rc2 Qd4 39. Re2 f4 40. Kg2 fxg3 41. hxg3 Rf8 42. Qa2 Qg7 43. Qb3 Rd8 44. 
Ra2 Qb7+ 45. Kg1 Kg7 0-1

[Event "Premier Quad, S50269"]
[Site "CCLA"]
[Date "2015.06.15"]
[Round "?"]
[White "Wright, John"]
[Black "Disque, Philip"]
[Result "1-0"]
[WhiteElo "1600"]
[BlackElo "1603"]

1. e4 Nf6 2. e5 Nd5 3. d4 d6 4. c4 Nb6 5. f4 g6 6. Nc3 Bg7 7. Be3 Be6 8. 
Nf3 O-O 9. Qb3 a5 10. Na4 Nxa4 11. Qxa4 Bd7 12. Qb3 Nc6 13. d5 a4 14. Qc3 
Na7 15. b4 e6 16. Bd4 f6 17. Bd3 exd5 18. exd6 Nc6 19. dxc7 Qe7+ 20. Kf2 
Nxd4 21. Qxd4 Bg4 22. Qxd5+ Kh8 23. Qxb7 Rac8 24. Rhe1 Qd6 25. Rad1 Rxc7 
26. Qb5 Qd7 27. Qxd7 Rxd7 28. b5 f5 29. Bc2 Rc7 30. Bd3 Bf6 31. Rc1 Rd8 
32. Bf1 Bxf3 33. Kxf3 Rcd7 34. Rc2 Bd4 35. c5 Rd5 36. c6 Bb6 37. c7 1-0

[Event "2015 Server Team Champ - Div 4, S54999"]
[Site "CCLA"]
[Date "2015.10.28"]
[Round "?"]
[White "Fisher Jr., Arthur"]
[Black "Smith, Jason A."]
[Result "0-1"]
[WhiteElo "1691"]
[BlackElo "1738"]
[Board "1"]
[WhiteTeam "Norsemen"]
[BlackTeam "Pennsylvania Pawn Pushers"]

1. e4 Nf6 2. e5 Nd5 3. d4 d6 4. c4 Nb6 5. exd6 cxd6 6. Nc3 g6 7. Nf3 Bg7 
8. Be2 O-O 9. h3 Nc6 10. Be3 d5 11. cxd5 Nxd5 12. Nxd5 Qxd5 13. O-O Rd8 
14. b3 Nxd4 15. Bxd4 Bxd4 16. Qxd4 Qxd4 17. Nxd4 Rxd4 18. Bc4 Bf5 19. Rfe1
Kf8 20. Rad1 Rad8 21. Rxd4 Rxd4 22. a4 Rd6 23. Re3 h5 24. Be2 Re6 25. Rxe6
Bxe6 26. b4 h4 27. Bf3 b6 28. a5 g5 29. axb6 axb6 30. Kf1 Ke8 31. Ke2 Kd7 
32. Kd3 Kd6 33. Kd4 Bd7 34. Be4 e5+ 35. Ke3 Bc6 36. f3 Bxe4 37. fxe4 Ke6 
38. Kf3 f5 39. exf5+ Kxf5 40. g4+ hxg3 41. Kxg3 e4 42. Kf2 Kf4 43. Ke2 Kg3
44. Ke3 Kxh3 45. Kxe4 g4 0-1